000
00300nam a2200121Ia 4500
005
20251222141810.0
008
251222s9999||||xx |||||||||||||| ||spa||
082
_a
511.8/V33
100
_a
Varsavsky, Oscar
245
0
_a
América Latina: Modelos Matemáticos
264
_b
Universitaria
942
_c
LIB
999
_c
6457
_d
6457